banner-ar

حوليات سلامة موسى (الكتاب الاول 1994) / (Record no. 27432)

MARC details
000 -الفاتح
حقل البيانات ثابتة الطول 00469nam a2200169Ia 4500
008 - عناصر البيانات ثابتة الطول - معلومات عامة
حقل البيانات ثابتة الطول 140319s9999 xx 000 0 ara d
040 ## - مصدر الفهرسة
وكالة الفهرسة الأصلية GCL /
وكالة النسخ GCL
082 04 - رقم تصنيف ديوى العشرى
رقم التصنيف د
رقم المادة 050
-- س ح
100 1# - المدخل الرئيسى - إسم شخصى
الإسم الشخصى سلامة موسى
245 10 - بيان العنوان
العنوان حوليات سلامة موسى (الكتاب الاول 1994) /
بيان المسئوليه,etc سلامة موسى
300 ## - الوصف المادى
التعداد 83 ص
650 04 - المدخل الاضافى بالموضوع-مصطلح موضوعى
مصطلح موضوعي الصحافة
650 04 - المدخل الاضافى بالموضوع-مصطلح موضوعى
مصطلح موضوعي الدوريات
650 04 - المدخل الاضافى بالموضوع-مصطلح موضوعى
مصطلح موضوعي سلامة موسى
942 ## - عناصر المدخل الإضافي( كوها)
مصدر التصنيف او مخطط الترفيف Dewey Decimal Classification
Koha [default] item type ملف كمبيوتر
Holdings
حالة التراجع حالة الفقد حالة تلف ليس للاعارة المكان المؤقت الموقع الحالى تاريخ الاكتساب اجمالي اﻻعارات رقم الطلب الباركود تاريخ اخر مشاهدة تاريخ تفعيل السعر نوع وعاء كوها
        مكتبة القاهرة الكبرى مكتبة القاهرة الكبرى 03/26/2014   د\050\س ح 62190 03/26/2014 03/26/2014 ملف كمبيوتر

Powered By

EGPV